00506cam a22001692 4500001001100000005001700011008004100028020002700069040001500096100003100111245006400142250001400206260002800220300001700248650003800265650003300303000000925420151217155218.0080917s xx 000 0 eng d a8182810892 :cKES 3000 aKABUcKABU1 aJhingan, M. L.@000015492914aThe Economics of development and planning /cM. L. Jhingan. a39th ed. aDelhi :bVrinda,c2007. axvi, 876 p. 0aEconomic development.@0000150073 0aEconomic policy.@0000150092